00768nam a2200241Ia 450000500170000000800390001702000190005610000350007524500420011025000200015230000270017250000300019950400270022958600270025665000390028365000420032226400280036433600270039233700330041933800280045204000350048008400110051520220317000945.0160825s2007 sp g 000 0 spa a978842048120121 aOnetti, Juan Carlosd1908-199410aCuentos completoscJuan Carlos Onetti a12a. edición  a490 páginas c22 cm  aColección de 47 cuentos aIncluye bibliografía aPremio Cervantes, 1980142LEMBaCuentos uruguayos ySiglo XX142LEMB aLiteratura uruguaya ySiglo XX aMadridbAlfaguarac2007 atextobtxt2rdacontent asin mediaciónbn2rdamedia avolumenbnc2rdacarrier aCO-BoRNBPbspaerdacCO-BoRNBP aC ONE1